Lucid सामान्य ज्ञान / (Record no. 207801)

MARC details
000 -LEADER
fixed length control field 00874nam a22001937a 4500
005 - DATE AND TIME OF LATEST TRANSACTION
control field 20241218130159.0
010 ## - LCCN (DPL NO)
LC control number DEC24SC HIN-128970
020 ## - INTERNATIONAL STANDARD BOOK NUMBER
International Standard Book Number 9789364688178
Terms of availability 425.00
035 ## - SYSTEM CONTROL NUMBER
System control number HN-101316
037 ## - SOURCE OF ACQUISITION
Source of stock number/acquisition DBAD
082 ## - DEWEY DECIMAL CLASSIFICATION NUMBER
Classification number 000
100 ## - MAIN ENTRY--PERSONAL NAME
Personal name केशरी, अनिल
245 ## - TITLE STATEMENT
Title Lucid सामान्य ज्ञान /
Statement of responsibility, etc अनिल केशरी
250 ## - EDITION STATEMENT
Edition statement द्वितीय
260 ## - PUBLICATION, DISTRIBUTION, ETC. (IMPRINT)
Place of publication, distribution, etc नई दिल्ली
Name of publisher, distributor, etc एस. चन्द पब्लिशिंग
Date of publication, distribution, etc 2025
270 ## - ADDRESS
Address A-27, द्वितीय तल, मोहन को-ऑपरेटिव इंडस्ट्रियल एस्टेट
City नई दिल्ली
Postal code 110044
Telephone number 011-049731800
Electronic mail address info@schandpublishing.com
300 ## - PHYSICAL DESCRIPTION
Extent 458वि. पृ.
Dimensions 27सेमी (अजिल्द)
942 ## - ADDED ENTRY ELEMENTS (KOHA)
Item type Hindi Books
Source of classification or shelving scheme Dewey Decimal Classification
Classification part 000
Call number suffix केशरी
Holdings
Withdrawn status Lost status Not for loan Collection code Home library Current library Date acquired Source of acquisition Cost, normal purchase price Full call number Barcode Copy number Cost, replacement price Koha item type
      Non-fiction Central Library Central Library 18/12/2024 DBAD 425.00 000 केशरी HN-101316 1 425.00 Hindi Books

© Delhi Public Library
Hit Counter
free hit counter